| 000 | 01429nam a2200337 c 4500 | ||
|---|---|---|---|
| 003 | BLK | ||
| 005 | 20230623091210.0 | ||
| 008 | 180408b bul|||||r ||||||| ||bul|| | ||
| 010 | _aKNG00089350000 | ||
| 020 |
_a954-411-135-2 _bиздат.: Факел |
||
| 040 | _aBLK | ||
| 041 |
_aBUL _cBUL |
||
| 080 |
_aБългарска литература _b821.163.2 _x-312.6 _z821.163.2-312.6 |
||
| 100 | 1 |
_aСавко Калата _eпърви автор _gПетров, Савко Христов _9301548 |
|
| 700 | 1 |
_aПетров, Савко Христов _e* _9301549 |
|
| 139 |
_aСавко Калата _bС 13 |
||
| 245 | 1 | 0 |
_aДа оцелееш в ада _bЕдна преживяна история с живи герои, разказана в първо лице _cСавко Калата; * Савко Христов Петров. |
| 257 | _aBGR | ||
| 260 |
_аСофия _bФакел _c2006 _fСофия : Болид |
||
| 300 |
_a391 с. _bсъс сн. _c21 см |
||
| 380 | _aX | ||
| 500 | _aИстинското име на авт. е Савко Христов Петров. - Офс. изд. | ||
| 653 | _aдокументални романи | ||
| 653 | _aроманизувани биографии | ||
| 852 | _aЦб 243889 | ||
| 856 | 4 |
_qpdf _u |
|
| 856 | 4 |
_qpdf _u |
|
| 942 |
_cKNG _n0 _09 |
||
| 944 |
_aCR _c08.05.2009 _lф / _kЛюдмила_Стоянова |
||
| 944 |
_aED _c28.03.2014 _lф / _k |
||
| 999 |
_c84759 _d84759 |
||